| 000 | 01129nam a2200313Ia 4500 | ||
|---|---|---|---|
| 001 | Z_6731 | ||
| 003 | CHAP | ||
| 005 | 20230828190907.0 | ||
| 008 | 220113s2014 xx 000 0 und d | ||
| 010 | _a170006 | ||
| 040 | _cCHAP | ||
| 090 | _aTesis P474 2413 | ||
| 100 |
_aPérez Hernández, Gabriela _989733 |
||
| 245 | _aComplementación de Se, Cu y Zn orgánicos por inorgánicos en el preparto y producción de leche de vacas holstein - friesian \ Gabriela Pérez Hernández | ||
| 260 |
_aMéxico : _bEl autor, _c2014 |
||
| 300 | _a35 p | ||
| 502 | _aTesis (Ingeniero Agrónomo Especialista en Zootecnia) -- UACh, 2014 \ Dirección: Rufino López Ordaz; asesoría: Agustín Ruíz Flores y Rodolfo Ramírez Valverde | ||
| 650 |
_aDesordenes metabólicos _9145773 |
||
| 650 |
_aGanado bovino _9138033 |
||
| 650 |
_aMinerales orgánicos _9145540 |
||
| 650 |
_aProducción de leche _9144340 |
||
| 650 |
_aRaza holstein _xfriesian _9145083 |
||
| 856 | 4 | 2 |
_uhttp://10.13.5.2/tesis/sist111291.pdf _yDescargar PDF |
| 901 | _aTESIS P474 2413 | ||
| 902 | _aM | ||
| 910 | _a2014 | ||
| 942 |
_c2 _2ddc |
||
| 942 |
_c2 _2ddc |
||
| 999 |
_c170006 _d170006 |
||